El Neoliberalismo: fin de las ideologías y ¿futuro de la democracia? /
Guardat en:
| Autor principal: | |
|---|---|
| Format: | Text |
| Etiquetes: |
Afegir etiqueta
Sense etiquetes, Sigues el primer a etiquetar aquest registre!
|
MARC
| LEADER | 00000 a a2200000 04500 | ||
|---|---|---|---|
| 001 | 17216 | ||
| 003 | |||
| 040 | |||
| 100 | |a Kohn, Carlos | ||
| 245 | |a El Neoliberalismo: |b fin de las ideologías y ¿futuro de la democracia? / |c Carlos Kohn | ||
| 773 | |g volumen 3, número 1; páginas 160-178 | ||
| 999 | |c 20593 |d 20593 | ||
